Wheel of time Ο τροχός του χρόνου

"Ακολουθώντας Βουδιστές πιστούς στο ετήσιο προσκύνημά τους και επιχειρώντας να προσεγγίσει τη θιβετιανή θρησκεία μέσα από τα μάτια ενός αποστασιοποιημένου δυτικού, ο Χέρτσογκ καταφέρνει και αποφεύγει με οξυδέρκεια το σκόπελο μιας αγιογραφικής προσέγγισης στο αντικείμενο του για να αγγίξει ευρύτ...

Πλήρης περιγραφή

Αποθηκεύτηκε σε:
Λεπτομέρειες βιβλιογραφικής εγγραφής
Άλλοι συγγραφείς: Herzog, Werner, 1942- (Διευθυντής, Σεναριογράφος)
Μορφή: Διαφάνειες
Γλώσσα:English
Greek
Δημοσίευση: Αθήνα : Prooptiki [Εταιρεία διανομής], [2003].
Σειρά:Herzog collection
Θέματα:
Ετικέτες: Προσθήκη ετικέτας
Δεν υπάρχουν, Καταχωρήστε ετικέτα πρώτοι!

MARC

LEADER 00000cgm a2200000 i 4500
001 1/2371
008 091207s2003####gr ||| | || ||eng||
035 |l 10105970 
040 |a GR-MY-UA  |b gre  |e aacr 
041 0 |a eng  |j gre 
082 0 |a 294.3438  |2 (22) 
245 1 0 |a Wheel of time   |h [μαγνητοσκόπηση] =   |b Ο τροχός του χρόνου /   |c Σενάριο-σκηνοθεσία: Werner Herzog.  
246 1 |i Παράλληλος τίτλος:   |a Ο τροχός του χρόνου   |h [μαγνητοσκόπηση]  
260 |a Αθήνα :   |b Prooptiki [Εταιρεία διανομής],   |c [2003].  
300 |a 1 βιντεοδίσκος (80 λεπτ.) :   |b ομίλ., έγχρ. ;   |c 4 3/4 ίν.  
490 1 |a The Herzog collection  
500 |a Στα αγγλικά με ελληνικούς υπότιτλους.  
508 |a Παραγωγή: Lucki Stipetic.  
520 |a "Ακολουθώντας Βουδιστές πιστούς στο ετήσιο προσκύνημά τους και επιχειρώντας να προσεγγίσει τη θιβετιανή θρησκεία μέσα από τα μάτια ενός αποστασιοποιημένου δυτικού, ο Χέρτσογκ καταφέρνει και αποφεύγει με οξυδέρκεια το σκόπελο μιας αγιογραφικής προσέγγισης στο αντικείμενο του για να αγγίξει ευρύτερες θεματικές περιοχές". - Περίληψη από τη θήκη.  
521 |a Kατάλληλο για άτομα άνω των 13 ετών.  
650 0 0 |a Documentary films. 
650 0 0 |a Kalakacra (Tantric rite)  |z India  |z Buddh Gaya. 
650 0 0 |a Tantric Buddhism  |z India  |z Buddh Gaya  |x Rituals. 
700 1 |a Herzog, Werner,   |d 1942-  |4 drt  |4 sce 
830 0 |a Herzog collection 
852 |a INST  |b SYROS  |c AV  |e 20091207  |h 294.3438 HER  |p 005500008003  |q 005500008003  |t DVD  |y 23 
901 |a BIBL5-2008-1 
909 |a Ε  |b 155147 
922 |a 5ΕΛΗ  |b 200709  |c ΒΙΒΛΙΟΘΗΚΗ ΣΥΡΟΥ  |d ANACO 
970 |a ΚΟΝΤΟΥ  |b ΠΑΡΑΣΚΕΥΗ  |z 2009/12/07